000 00422nam a2200169Ia 4500
005 20250508161635.0
008 008 250505s9999 xx 000 0 eng d
037 _aTextual
040 _aFEDL
_beng
_cFEDL
041 _aeng
_2eng
084 _a973, BRA
_qFEDL
100 _aBranson
245 0 _aAmerican history for today
300 _aiv,591p.
942 _cTEXL
_h973, BRA
999 _c1371281
_d1371281